| 000 | 00899nam a2200265 a 4500 | ||
|---|---|---|---|
| 001 | 5022 | ||
| 003 | BD-RjUL | ||
| 005 | 20211208234008.0 | ||
| 008 | 131224r19651954enk 001 0 eng | ||
| 035 | _a(BD-RjUL)5058 | ||
| 035 | _a(OCoLC)14678578 | ||
| 040 |
_aDLC _cDNLM _dOYU _dOClW-H _dOCoLC _dDLC _dBD-RjUL _beng |
||
| 041 | _aeng | ||
| 060 | 0 |
_aW 322 _bG624r 1954 |
|
| 082 |
_a361.1 _bGOR 1965 |
||
| 100 | 1 |
_aGoldstine, Dora. _915810 |
|
| 245 | 1 | 0 |
_aReadings in the theory and practice of medical social work / _cDora Goldstine |
| 260 |
_aChicago : _bUniv. of Chicago Press , _cc1954 [Impression 1965] |
||
| 300 |
_avi, 344 p. ; _c23 cm. |
||
| 500 | _aIncludes index. | ||
| 650 | 0 |
_aMedical social work. _915811 |
|
| 856 | _uhttp://www.worldcat.org/title/readings-in-the-theory-and-practice-of-medical-social-work/oclc/14678578&referer=brief_results | ||
| 942 |
_2ddc _cBK |
||
| 999 |
_c5022 _d5022 |
||